Best MLB player for each team ALL TIME - Statistics

General Stats
  • This quiz has been taken 267 times
    214 since last reset
  • The average score is 13 of 30
Answer Stats
Hint Answer % Correct
Yankees Babe ruth
95%
Orioles Cal Ripken Jr.
73%
Red sox Ted Williams
69%
Braves Hank Aaron
61%
Giants Barry bonds
60%
Angels Mike trout
60%
Mariners Ken Griffey jr
56%
Rays Evan Longoria
54%
Royals George Brett
51%
Diamondbacks Randy johnson
51%
Astros Nolan Ryan
48%
Phillies Mike Schmidt
47%
Pirates Roberto Clemente
47%
Tigers Ty cobb
47%
Cardinals Albert pujols
46%
Padres Tony Gwynn
45%
Athletics Ricky Henderson
42%
Mets Tom seaver
40%
Reds Johnny bench
38%
Brewers Robin yount
38%
Cubs Sammy sosa
36%
Dodgers Sandy Koufax
36%
Rockies Todd Helton
36%
Marlins Giancarlo Stanton
34%
Rangers Ivan Rodriguez
33%
Nationals Gary carter
29%
Blue jays Roy halladay
29%
Twins Kirby Puckett
22%
Guardians Bob feller
19%
White sox Luke appling
8%
No matching quizzes found
Score Distribution
Percent of People with Each Score
Percentile by Number Answered
Your Score History
You have not taken this quiz since the last reset